000 00513nam a22001937a 4500
003 MPLRDC
005 20220104143420.0
008 210129b ||||| |||| 00| 0 eng d
020 _a7-80134-419-7
082 _a047.2 KSJ v.2
100 _a月箫主编
245 _a跨世纪少儿百科全书: 名人趣闻
_c
250 _a一版一刷
260 _a
_b航空工业出版社
_c1998
300 _b
490 _a跨世纪少儿百科全书
650 _a儿童百科全书
942 _cBK
_o047.2 KSJ v.2
999 _c39675
_d39665